Statistiques concernant Les 20 capitales les plus proches de Paris

Cliquez ici pour prendre le quiz!

Statistiques générales

  • Ce quiz a été pris 108 fois
  • Le résultat moyen est 18 sur 20

Statistiques - réponses

Distance Capitale % Correct
264Bruxelles
100%
1 054Madrid
99%
1 107Rome
99%
344Londres
99%
294Luxembourg
99%
878Berlin
98%
435Berne
97%
782Dublin
97%
430Amsterdam
97%
1 035Vienne
97%
690Monaco
88%
1 028Copenhague
87%
884Prague
87%
710Andorre-la-Vieille
85%
1 107Vatican
84%
567Vaduz
84%
948Saint-Marin
79%
1 089Bratislava
78%
1 081Zagreb
74%
965Ljubljana
54%

Distribution des résultats

Percentile by Number Answered

% des personnes avec chaque résultat

Votre développement - résultats

Vous n’avez pas pris ce quiz